[Event "27th CRO-chT 1A-Men 2018"]
[Site "Biograd"]
[Date "2018.09.10"]
[Round "3.1"]
[White "Tomashevsky, Evgeny"]
[Black "Ponkratov, Pavel"]
[Result "1/2-1/2"]
[WhiteElo "2702"]
[BlackElo "2622"]
[Annotator "TA"]
[PlyCount "52"]
[EventDate "2018.09.08"]
[EventType "team-tourn"]
[EventCountry "CRO"]
[SourceTitle "playchess.com"]
[Source "ChessBase"]
[SourceQuality "1"]

{[%evp 18,52,0,0,0,-3,19,16,12,19,17,8,9,12,7,8,14,12,10,7,9,7,5,9,28,27,29,11,23,10,11,3,8,8,16,0,7]} 1. Nf3 Nf6 2. c4 b6 3. g3 Bb7 4. Bg2 e6 5. O-O Be7 6. Nc3 O-O 7. d4 Ne4 8. Bd2 c5 9. Nxe4 {E18: Queen's Indian: Old Main Line (4 g3 Bb7 5 Bg2 Be7 6 0-0 0-0 7 Nc3)} (9. d5 exd5 10. Nxd5 Bxd5 11. cxd5 Nxd2 12. Qxd2 d6 13. b4 Bf6 14. Rab1 Nd7 15. b5 a6 16. Qc2 axb5 17. Rxb5 {½-½ (27) Ni,H (2674)-Inarkiev,E (2683) China 2017}) 9... Bxe4 10. Bc3 {LiveBook: 4 Games} d5 11. cxd5 Qxd5 12. dxc5 Bxc5 13. Qxd5 Bxd5 {[#]} 14. Ne5 $146 Bxg2 15. Kxg2 f6 16. Nd3 Na6 17. Nxc5 Nxc5 18. Bb4 Rfd8 19. Bxc5 bxc5 $11 {[%mdl 4096] Endgame KRR-KRR} 20. Rfd1 Kf7 21. Kf3 Rxd1 22. Rxd1 Ke7 $1 23. Ke3 Rb8 {The position is equal.} 24. Rb1 Kd6 25. Kd3 Kc6 26. Kc3 Rd8 {Precision: White = 61%, Black = 73%.} 1/2-1/2

[Event "27th CRO-chT 1A-Men 2018"]
[Site "Biograd"]
[Date "2018.09.10"]
[Round "3.2"]
[White "Predke, Alexandr"]
[Black "Saric, Ivan"]
[Result "1-0"]
[WhiteElo "2612"]
[BlackElo "2689"]
[Annotator "TA"]
[PlyCount "173"]
[EventDate "2018.09.08"]
[EventType "team-tourn"]
[EventCountry "CRO"]
[SourceTitle "playchess.com"]
[Source "ChessBase"]
[SourceQuality "1"]

{[%evp 15,173,0,0,0,0,-11,0,-9,-4,-15,1,0,0,0,0,0,0,-27,-12,-15,-4,-11,-4,-25,-8,-7,0,-18,0,-16,0,-7,0,-13,0,0,0,-5,-5,-6,0,0,13,0,0,-38,-9,-38,-6,-6,-6,-50,-50,-52,-52,-68,-53,-53,-46,-79,-79,-87,-66,-68,-46,-82,-46,-79,-46,-46,-9,-9,-9,-16,32,33,38,38,38,38,68,40,97,7,27,23,61,0,0,0,0,0,0,0,0,0,0,0,0,0,0,0,0,0,0,0,0,0,0,0,0,0,0,0,0,0,0,0,0,0,0,0,0,0,0,0,0,0,0,-238,-229,-163,2840,2742,29978,451,414,426,356,326,29961,29962,29962,29963,29963,29964,29962,29966,29939,0,0,0,29964,29966,29965,29969,29951,29965,29941,12840]} 1. d4 Nf6 2. Nf3 e6 3. c4 d5 4. g3 Bb4+ 5. Bd2 Be7 6. Bg2 c6 7. Qb3 O-O 8. O-O a5 {[%cal Ba7a5,Ba5a4][%mdl 32] LiveBook: 24 Partien. E11: Damenindisch (Bogoljubow-Variante)} 9. Bg5 $146 ({Vorgänger:} 9. a4 Na6 10. c5 b6 11. cxb6 Nb4 12. Bxb4 Bxb4 13. Rc1 Qxb6 14. Na3 Ba6 15. e3 Rab8 16. Ne5 {½-½ (44) Miton,K (2591)-Sargissian,G (2675) Warsaw 2013}) 9... Nbd7 10. Re1 h6 {Die Stellung ist ausgeglichen.} 11. Bxf6 Bxf6 12. Nbd2 a4 13. Qd3 b6 14. e4 Bb7 15. Rac1 Qb8 16. h4 Rd8 17. cxd5 cxd5 18. e5 Be7 19. g4 {[%cal Bg3g4,Bg4g5][%mdl 32]} a3 20. b3 Nf8 21. g5 {Droht gxh6.} h5 22. Nf1 Rc8 23. Ng3 g6 24. Nh2 Rxc1 25. Rxc1 Qd8 26. Bf1 Rc8 27. Qe3 Rc7 28. Bd3 Qc8 29. Ne2 Nd7 {[%cal Bf8d7,Bd7b8,Bb8c6,Bc6b4][%mdl 32]} 30. f4 Nb8 31. Nf3 Nc6 32. Kf2 Nb4 33. Bb1 Ba6 34. Rxc7 Qxc7 35. Qc1 Qd7 36. Ne1 Qb5 37. Qd2 Kf8 {[%cal Bg8f8,Bf8e8,Be8d7][%mdl 32]} 38. Ng3 Ke8 39. Ke3 Qa5 40. Nf3 Kd7 41. Ne1 Qb5 42. Ne2 Bf8 (42... Qxe2+ $5 43. Qxe2 Bxe2 44. Kxe2 Nc6 $15) 43. Bd3 $132 {[%mdl 2048] Weiss has counterplay} Nxd3 44. Nxd3 Kd8 45. f5 exf5 46. Nef4 Qc6 47. Ne1 {[%mdl 1024] Weiss hat Kompensation.} Qb5 48. Qg2 Bb7 (48... Bb4 $14 49. Ned3 Kc8) 49. Nc2 (49. Ned3 $16) 49... Qc6 {Und ...Dc3+ würde nun gewinnen.} 50. Kd2 b5 51. Qf3 ({Besser ist} 51. Nd3 $14) 51... b4 $11 52. Qd3 Ba6 53. Qf3 Bb7 54. Kd1 Be7 55. Qd3 Ba6 56. Qf3 Bb7 57. Qd3 Ba6 58. Qd2 Qb5 59. Ne3 Bb7 60. Qd3 Qa5 61. Qe2 Ke8 62. Qg2 Qb6 63. Qd2 Qa5 64. Nc2 Ba6 65. Qg2 Bb7 66. Qf3 Qb5 67. Qe2 Qb6 68. Qd3 Qa5 69. Ne3 Bd8 70. e6 {Droht stark exf7+.} fxe6 71. Nxe6 {Schwarz muss nun Sxf5! beachten.} Qb6 72. Nxf5 $2 (72. Nxd8 $11 {und Weiss ist OK.} Kxd8 73. Nc2) 72... gxf5 $19 73. Qxf5 {g6 ist eine echte Drohung.} Ke7 $4 {[%mdl 8192]} (73... Bc8 $19 74. Qf8+ Kd7 75. Nc5+ Kc7 76. Qf7+ Kb8 77. Qxd5 Bc7) 74. Nc5 $18 {Weiss droht Dh7+ und Matt.} Qc6 75. Nxb7 (75. g6 $142 Qc8 76. Qf7+ Kd6 77. Nxb7+ Kc6 78. Nxd8+ Qxd8 79. g7 Qxh4 80. Qe6+ Kc7 81. Qe5+ Kc6 82. g8=R Qg4+ 83. Rxg4) 75... Bb6 76. Qh7+ Kf8 {beabsichtigt ...Dc3.} 77. Qh8+ ({Weniger gut wäre} 77. Qxh5 Bxd4 78. Qf3+ Ke7 $18) 77... Ke7 $2 (77... Kf7 $18 78. Qxh5+ Kg7) 78. Qg7+ Ke8 {[#]} 79. g6 $1 {[%csl Gg6][%cal Rg7f7]} Qe6 {[#]} 80. Nd6+ $1 {[%mdl 512]} Kd8 (80... Qxd6 81. Qf7+) 81. Nf7+ Ke8 82. Nd6+ $2 (82. Qe5 {setzt Matt} Kd7 83. Qxe6+ Kxe6 84. Ne5 Kf6 85. Nd7+ Kxg6 86. Nxb6 Kf5 87. Nxd5) 82... Kd8 $11 83. Nf7+ Kc8 $2 {[%mdl 8192]} (83... Ke8 $11) 84. Ne5 {Weiß setzt Matt.} Qh3 {[#]} 85. Qd7+ $1 {[%mdl 512]} Qxd7 86. Nxd7 Bxd4 {[#]} 87. Nc5 $1 {[%mdl 512] Precision: Weiß = 51%, Schwarz = 43%.} 1-0

[Event "27th CRO-chT 1A-Men 2018"]
[Site "Biograd"]
[Date "2018.09.10"]
[Round "3.3"]
[White "Markus, Robert"]
[Black "Martinovic, Sasa"]
[Result "1-0"]
[WhiteElo "2613"]
[BlackElo "2567"]
[Annotator "TA"]
[PlyCount "73"]
[EventDate "2018.09.08"]
[EventType "team-tourn"]
[EventCountry "CRO"]
[SourceTitle "playchess.com"]
[Source "ChessBase"]
[SourceQuality "1"]

{[%evp 13,73,0,0,6,8,4,6,19,17,17,16,7,26,34,41,44,51,10,36,6,4,3,11,6,12,9,17,14,27,9,24,31,24,0,0,0,34,43,56,15,22,0,78,78,84,0,17,-21,53,61,68,60,81,69,61,68,162,155,1018,360,1018,1006]} 1. Nf3 Nf6 2. g3 g6 3. b3 Bg7 4. Bb2 d6 5. d4 c5 6. d5 b5 7. Bg2 O-O {LiveBook: 7 Games} 8. O-O {A49: 1 d4 Nf6 2 Nf3 g6 3 g3: Anti-King's Indian systems} Nbd7 9. Re1 (9. Nfd2 Bb7 10. c4 Nb6 11. e4 Qd7 12. Nc3 a6 13. Re1 Rab8 14. Bf1 e6 15. cxb5 exd5 16. bxa6 {1-0 (42) Moussard,J (2571)-Agrest,I (2280) chess.com INT 2018}) 9... Nb6 10. e4 {The position is equal.} e6 $146 ({Predecessor:} 10... a5 11. Nbd2 a4 12. a3 axb3 13. cxb3 Bd7 14. Qc2 Qb8 15. Nf1 Rc8 {½-½ (68) Pirc,V-Gligoric,S Sarajevo 1961}) 11. dxe6 Bxe6 12. Nbd2 h6 13. Qe2 Rb8 14. Rad1 Re8 15. Ba1 a6 16. Qd3 (16. e5 $5 {[%cal Re5f6]} dxe5 17. Bxe5 $14) 16... d5 17. Qc3 Qc8 18. Qa5 Bg4 {[%cal Rd5e4]} 19. exd5 Nbxd5 20. Rxe8+ Nxe8 21. Bxg7 Kxg7 ({Avoid the trap} 21... Nxg7 $2 22. Ne4 $18) 22. c4 Ndf6 23. cxb5 axb5 24. Rc1 Qf5 (24... Ra8 $5 {[%cal Ra8a5]} 25. Qxb5 Rxa2 $11) 25. Qc3 Rc8 26. Ne5 {[#] And now f3 would win.} Bh3 27. Bh1 Kg8 (27... b4 $11 {remains equal.} 28. Qb2 Nd6) 28. Nc6 $16 Qd7 29. Ne5 (29. Qxc5 $16 Rxc6 30. Bxc6 Qxd2 31. Qe3 Qxe3 32. fxe3) 29... Qe6 30. Qe3 Ng4 (30... Nd6 $11) 31. Nxg4 $14 Bxg4 32. Qxh6 c4 33. bxc4 bxc4 34. Ne4 {Threatens to win with Ng5.} c3 ({Better is} 34... Nf6 $14 35. Nc3 Rc5) 35. Ng5 $18 Qxa2 $2 (35... Qf6 $16) 36. Qh7+ Kf8 {[#]} 37. Re1 $1 {Precision: White = 68%, Black = 34%.} 1-0

[Event "27th CRO-chT 1A-Men 2018"]
[Site "Biograd"]
[Date "2018.09.10"]
[Round "3.4"]
[White "Cvitan, Ognjen"]
[Black "Kuljasevic, Davorin"]
[Result "*"]
[WhiteElo "2489"]
[BlackElo "2548"]
[Annotator "TA"]
[PlyCount "40"]
[EventDate "2018.09.08"]
[EventType "team-tourn"]
[EventCountry "CRO"]
[SourceTitle "playchess.com"]
[Source "ChessBase"]
[SourceQuality "1"]

{[%evp 23,35,0,0,0,0,0,0,0,0,-17,-14,-9,-8,-14]} 1. d4 Nf6 2. c4 e6 3. Nc3 Bb4 4. e3 O-O 5. Bd3 d5 6. Nf3 dxc4 7. Bxc4 c5 8. O-O cxd4 9. exd4 b6 10. Bg5 Bb7 11. Re1 Nbd7 12. Rc1 Rc8 {LiveBook: 195 Games. The position is equal.} 13. Bd3 {E54: Nimzo-Indian: Rubinstein: Main Line: 7...dxc4 8 Bxc4} h6 14. Bh4 Be7 15. Qe2 Nh5 16. Bg3 Nxg3 17. hxg3 Nf6 18. Ba6 {[#]} {Predecessor:} Bxa6 $146 19. Qxa6 Bb4 20. Qxa7 Ra8 {½-½ (88) Wojtaszek,R (2715)-Safarli,E (2649) Dubai 2014} *

[Event "27th CRO-chT 1A-Men 2018"]
[Site "Biograd"]
[Date "2018.09.10"]
[Round "3.5"]
[White "Plenca, Jadranko"]
[Black "Kurajica, Bojan"]
[Result "1/2-1/2"]
[WhiteElo "2477"]
[BlackElo "2526"]
[Annotator "TA"]
[PlyCount "107"]
[EventDate "2018.09.08"]
[EventType "team-tourn"]
[EventCountry "CRO"]
[SourceTitle "playchess.com"]
[Source "ChessBase"]
[SourceQuality "1"]

{[%evp 11,107,26,41,39,71,75,102,48,42,40,43,50,52,42,55,59,61,50,44,53,49,50,46,50,86,84,81,62,76,86,65,50,69,81,75,35,33,31,77,65,72,72,58,56,154,66,98,72,85,0,0,0,0,0,0,0,24,0,0,0,0,8,7,0,0,-40,-40,-42,-41,-153,-153,-153,-153,-154,-108,-115,-61,-59,-58,-58,-58,-44,-17,-72,0,0,0,0,0,0,60,60,60,60,60,60,60,55]} 1. e4 c5 2. Nf3 Nc6 3. Bb5 e6 4. O-O Nge7 5. Re1 Ng6 6. c3 Be7 {LiveBook: 15 Games. B30: Sicilian: 2...Nc6 3 Bb5, lines without ...g6} (6... d5 7. exd5 Qxd5 8. c4 Qd6 9. b4 cxb4 10. a3 Be7 11. axb4 O-O 12. c5 Qc7 13. Qb3 a5 14. Bxc6 bxc6 15. bxa5 Bxc5 {0-1 (42) Nevednichy,V (2541)-Gelfand,B (2720) Novi Sad 2016}) 7. d4 Qc7 8. d5 $146 ({Predecessor:} 8. Be3 b6 9. h4 h5 10. g3 a6 11. Bf1 Bb7 12. Nbd2 Rd8 13. a3 d6 {1-0 (28) Garcia Padron,J (2434)-Arana Herrera,A (1819) Las Palmas 2011}) 8... Nd8 {White is better.} 9. e5 ({White should try} 9. h4 $16) 9... exd5 $14 10. Qxd5 a6 11. Bd3 b5 {Threatens to win with ...Bb7.} 12. Bg5 ({Of course not} 12. Qxa8 Bb7 $17) 12... Bb7 13. Qd6 $1 {[%cal Rd6c7]} Ne6 14. Qxc7 Nxc7 15. Nbd2 Ne6 16. Bxe7 Kxe7 17. g3 Bxf3 18. Nxf3 Rhd8 19. a4 Rab8 20. axb5 axb5 21. Ra7 Rdc8 22. Nd2 c4 23. Bf1 Ra8 24. Rb7 Ra5 25. b4 Ra2 26. Nf3 Rc2 27. Re3 Ra8 (27... Kd8 $1 $14) 28. Rxb5 (28. Ne1 $1 $16 {[%cal Re1c2]} Rc1 29. f4) 28... Ra1 {and if ...Rcc1 works, Black does fine.} 29. Ra5 Rb1 30. Kg2 (30. h3 $16) 30... Rbb2 $11 31. Bxc4 Rxf2+ 32. Kg1 Rg2+ 33. Kh1 Rgf2 {...Ng5! is the strong threat.} 34. Kg1 Rg2+ 35. Kf1 Nef4 36. gxf4 Nxf4 37. Ra1 g5 38. Be2 Rgxe2 39. Rxe2 Nxe2 $15 {[%mdl 4096] Endgame KRN-KRN} 40. c4 {[#]} ({White should play} 40. Ra6 $15) 40... g4 $1 $17 {[%cal Rg4f3]} 41. Nh4 {[#]} Nd4 $1 42. Rd1 Nc6 43. Nf5+ Ke6 ({Better is} 43... Kd8 $17 44. Rd5 Rxb4) 44. Ng7+ $15 Kxe5 45. Rxd7 Nd4 {Hoping for ...f5.} 46. Rxf7 Nf3 47. h3 (47. c5 $11 {keeps the balance.}) 47... gxh3 (47... Nd2+ $17 48. Kg2 Ne4+ 49. Kg1 gxh3 50. Re7+ Kf4 51. Nh5+ Kf3 52. Rf7+ Ke3) 48. Rxf3 $17 {KRN-KR} Rb1+ 49. Kf2 h2 50. Re3+ Kf4 (50... Kd4 $11 51. Nf5+ Kxc4) 51. Nh5+ $1 $14 {White is slightly better.} Kg4 52. Ng3 $1 {Strongly threatening Kg2.} Rb2+ 53. Kf1 {Black must now prevent c5.} Rxb4 54. Rc3 {Precision: White = 43%, Black = 58%.} 1/2-1/2

[Event "27th CRO-chT 1A-Men 2018"]
[Site "Biograd"]
[Date "2018.09.10"]
[Round "3.6"]
[White "Muse, Mladen"]
[Black "Jovanic, Ognjen"]
[Result "0-1"]
[WhiteElo "2400"]
[BlackElo "2512"]
[Annotator "TA"]
[PlyCount "92"]
[EventDate "2018.09.08"]
[EventType "team-tourn"]
[EventCountry "CRO"]
[SourceTitle "playchess.com"]
[Source "ChessBase"]
[SourceQuality "1"]

{[%evp 27,92,-15,-14,-15,-11,-34,-11,-33,-9,-16,0,-28,-19,-11,0,-8,-8,-8,-8,-6,0,-8,-12,-9,-8,-31,-29,-71,-72,-64,-58,-66,-69,-64,-59,-83,-56,-72,-69,-81,-95,-116,-80,-106,-100,-124,-101,-135,-128,-198,-107,-154,-112,-220,-219,-222,-215,-214,-217,-319,-303,-305,-295,-361,-177,-177,-177]} 1. Nf3 d5 2. g3 c6 3. Bg2 Bf5 4. O-O e6 5. b3 Nf6 6. Bb2 Be7 7. d3 h6 8. Nbd2 O-O 9. c4 Bh7 10. Rc1 a5 11. a3 Nbd7 12. Rc2 Bd6 13. Qa1 {A12: English Opening: 1...c6 with b3 by White} Qe7 14. cxd5 (14. Nh4 e5 15. cxd5 cxd5 16. Rfc1 e4 17. dxe4 dxe4 18. Nc4 g5 19. Nxd6 Qxd6 20. Rd1 Qe6 {0-1 (42) Rapport,R (2654)-Svetushkin,D (2588) Calvi 2013}) 14... exd5 {LiveBook: 7 Games} 15. Re1 {The position is equal.} Rfe8 16. Rcc1 Qf8 17. Nd4 Rad8 $146 ({Predecessor:} 17... Re7 18. N2f3 Rae8 19. Bf1 Ng4 20. h3 Nge5 {1-0 (49) Burschowsky,M (2208)-Wachinger,G (2233) Austria 2016}) 18. N2f3 Ng4 19. h3 Ngf6 20. Nh4 Rc8 21. Ndf5 Be5 22. Bxe5 Nxe5 23. Nd4 Qd6 (23... Ra8 {looks sharper.} 24. Qb2 Ra6 25. Nhf3 Ned7 26. Nd2 Qd6) 24. Nhf3 Nxf3+ 25. Nxf3 c5 26. d4 b6 27. dxc5 bxc5 28. e3 {[#]} a4 $1 {[%mdl 512]} 29. bxa4 Qa6 30. Nd2 Qxa4 31. Qc3 Red8 32. g4 Bg6 33. Qb3 Qa7 34. a4 Qa5 35. Qa2 c4 $36 {[%cal Bc5c4,Bc4c3][%mdl 2080] Black has strong initiative.} 36. Red1 Bd3 37. Bf1 Bxf1 38. Kxf1 (38. Nxf1 $17 {was necessary.} Ne4 39. Qc2) 38... Ra8 ({Better is} 38... d4 $19 39. Nxc4 Qd5) 39. Kg1 Rdb8 40. e4 (40. Qc2 $17) 40... c3 $19 ({And not} 40... Qxa4 41. Qxa4 Rxa4 42. exd5 $11) ({Don't take} 40... dxe4 41. Nxc4 Qxa4 42. Qxa4 $17) 41. Nb3 Qxa4 42. Qxa4 Rxa4 43. Nd4 (43. Rxc3 $142 Ra3 44. Rb1) 43... Nxe4 44. Ne2 Rc4 45. f3 Ng5 (45... c2 $142 46. Rxd5 Nc5) 46. Rxc3 Nxh3+ {Precision: White = 27%, Black = 42%.} 0-1

[Event "27th CRO-chT 1A-Men 2018"]
[Site "Biograd"]
[Date "2018.09.10"]
[Round "3.7"]
[White "Braun, Arik"]
[Black "Hracek, Zbynek"]
[Result "1/2-1/2"]
[WhiteElo "2581"]
[BlackElo "2557"]
[Annotator "TA"]
[PlyCount "61"]
[EventDate "2018.09.08"]
[EventType "team-tourn"]
[EventCountry "CRO"]
[SourceTitle "playchess.com"]
[Source "ChessBase"]
[SourceQuality "1"]

{[%evp 20,61,36,36,30,33,47,47,37,41,44,36,43,43,54,52,56,53,58,54,47,0,0,0,0,0,0,0,0,0,106,-99,-54,-49,-52,-115,-71,-71,-61,-74,-57,-61,-60,-108]} 1. d4 Nf6 2. c4 e6 3. Nc3 d5 4. cxd5 exd5 5. Bg5 c6 6. e3 Be7 7. Bd3 Nbd7 {[%cal Bb8d7,Bd7f8,Bf8g6][%mdl 32]} 8. h3 {D35: Queen's Gambit Declined: Exchange Variation} Nf8 9. Bf4 Ng6 10. Bg3 Bd6 11. Bxd6 {LiveBook: 3 Games} Qxd6 12. Nf3 O-O 13. Qc2 {[#]} b6 $146 ({Predecessor:} 13... Re8 14. O-O-O Be6 15. Kb1 b6 16. Ng5 Bd7 17. h4 Nf8 18. e4 dxe4 19. Ncxe4 Nxe4 20. Bxe4 g6 21. d5 c5 22. Bd3 h5 {½-½ (51) Bauer,C (2650)-Maze,S (2612) Agen 2017}) 14. O-O Bd7 15. Rac1 Rfe8 16. Rfd1 Re7 17. a3 Rae8 18. b4 Ne4 19. Bxe4 dxe4 20. Ng5 Nh4 {Strongly threatening ...Qg6.} 21. Ngxe4 ({Reject} 21. Ncxe4 Qg6 $17) 21... Qh6 $1 22. Ng3 Nxg2 $1 23. Kxg2 {Threatens to win with Rh1.} Qxh3+ 24. Kg1 {Hoping for Nce2.} h5 {[#]} (24... Bg4 $11 25. Nce2 Bxe2 26. Qxe2 (26. Nxe2 Re6 $11) 26... Rxe3) 25. e4 $2 (25. Qe2 $1 $16) 25... h4 {White must now prevent ...Re6.} 26. Rd3 Re6 $36 {[%mdl 2048] ...Rg6 is the strong threat. Black is pushing.} 27. Qe2 (27. f4 $1 $15 hxg3 28. Qg2) 27... hxg3 28. Rxg3 Qh4 29. Qf3 Rh6 30. Kf1 {[#]} f5 $1 {[%cal Rf5e4][%mdl 512]} 31. exf5 {Precision: White = 64%, Black = 67%.} 1/2-1/2

[Event "27th CRO-chT 1A-Men 2018"]
[Site "Biograd"]
[Date "2018.09.10"]
[Round "3.8"]
[White "Leventic, Ivan"]
[Black "Georgiev, Kiril"]
[Result "0-1"]
[WhiteElo "2411"]
[BlackElo "2590"]
[Annotator "TA"]
[PlyCount "132"]
[EventDate "2018.09.08"]
[EventType "team-tourn"]
[EventCountry "CRO"]
[SourceTitle "playchess.com"]
[Source "ChessBase"]
[SourceQuality "1"]

{[%evp 17,132,8,37,39,46,46,59,60,80,54,49,45,71,66,64,61,63,40,0,0,63,0,54,0,58,53,50,0,57,39,60,53,58,42,42,29,55,-34,-29,-35,-11,-73,-70,-57,-57,-76,-71,-83,-57,-98,-97,-124,-100,-147,-130,-133,-111,-110,-111,-158,-157,-148,-152,-154,-145,-146,-146,-129,-68,-66,-25,-17,-20,-22,0,-7,0,0,0,0,0,-11,-5,-2,-4,-8,-8,-8,-8,-27,-27,-20,-8,-67,-67,-191,-70,-70,-57,-64,-64,-79,-79,-503,-502,-730,-726,-29985,-29986,-29986,-29987,-29988,-5593,-1050,-984,-777,-586]} 1. e4 c5 2. Nf3 d6 3. d4 Nf6 4. dxc5 Qa5+ 5. c3 Qxc5 6. Bd3 g6 7. Be3 Qc7 8. h3 Bg7 9. O-O {B27: Sicilian: 2 Nf3, unusual Black 2nd moves} O-O {LiveBook: 5 Games} 10. c4 a6 11. Nc3 {White is slightly better.} e6 12. Rc1 Nbd7 13. b4 $146 ({Predecessor:} 13. Nd4 b6 14. b4 Bb7 15. Qe2 Rac8 16. f4 Qb8 {0-1 (42) Khalafova,N (2255)-Iturrizaga Bonelli,E (2673) Sharjah 2017}) 13... b6 14. Bf4 Rd8 15. Qe2 Bb7 16. Rfd1 Rac8 17. Na4 Bc6 18. Nc3 (18. b5 $11 Bb7 19. c5 bxc5 20. bxa6) 18... Bb7 $1 $14 19. Na4 (19. a3 $14) 19... Nh5 ({Better is} 19... Bc6 $11 20. b5 Bb7) 20. Be3 (20. Bg5 $14) 20... Qc6 (20... Bc6 $11 21. Nc3 Bb7) 21. Nc3 Qc7 22. Na4 Rb8 (22... Qc6 $11 23. Nc3 Qc7) 23. Bb1 Bc6 24. Nc3 Ba8 25. Nd4 Nhf6 26. Nb3 Ne5 27. c5 (27. Na4 $14) 27... dxc5 $15 28. bxc5 b5 29. Bf4 (29. Rd6 $11) 29... Nh5 $17 30. Bh2 Bh6 31. Rxd8+ Rxd8 32. Rd1 {Threatens to win with Rxd8+.} Nf4 $36 {[%mdl 2048] Black fights for an advantage.} 33. Bxf4 Bxf4 34. g3 Bh6 {[%cal Bf4h6,Bh6f8,Bf8c5][%mdl 32]} 35. f4 Rxd1+ 36. Qxd1 Nc4 37. e5 Bf8 38. Qd4 {[#]} Na5 $1 {[%cal Ra5b3] aiming for ...Nxb3.} 39. Ne4 Bxe4 40. Qxe4 Bxc5+ 41. Kh2 Nc4 42. Qa8+ Bf8 (42... Kg7 $17 {White must now prevent ...Ba7.} 43. Qxa6 Qd7) 43. Qxa6 $15 Na3 44. Bd3 Qc3 45. Bxb5 g5 46. Bd3 Qb2+ 47. Kg1 Qc3 48. Kf2 h6 49. Ke2 Qb2+ 50. Kf3 gxf4 51. gxf4 Qh2 52. Bf1 Qxa2 53. Qd3 Nc2 {And now ...Ne1+ would win.} 54. Kg3 $1 Qb2 55. Nd2 (55. Qf3 $11) 55... Nd4 56. Ne4 (56. Nc4 $1 $15 Qa1 57. Nd6) 56... Be7 ({Black should try} 56... Nf5+ $19 57. Kf3 Qc1) 57. Qd2 Qa1 58. Kg2 Nf5 59. Kg1 Kf8 60. Nd6 $2 {[%mdl 8192] [#]} (60. Qc3 $17 {is more resistant.} Qb1 61. Nf6 Bxf6 62. exf6) 60... Ng3 $1 $19 61. Kf2 Bh4 ({Weaker is} 61... Qxf1+ 62. Kxg3 Qg1+ 63. Kf3 $15) 62. Qd3 Nxf1+ 63. Kf3 Nh2+ 64. Kg2 Qb2+ (64... Qa2+ $142 65. Kh1 Bf2 66. h4 Ng4 67. Qb5 Kg7 68. Qb7 Qa1+ 69. Kg2 Qg1+ 70. Kf3 Qg3+ 71. Ke2 Qe3+ 72. Kd1 Qd3+ 73. Kc1 Be3+ 74. Kb2 Bd4+ 75. Kc1 Be3+ 76. Kb2 Bd4+ 77. Kc1 Qf1+ 78. Kc2 Qxf4 79. Ne8+ Kg8 80. Nf6+ Nxf6 81. exf6 Bxf6 82. Qg2+ Kf8 83. Qa8+ Kg7 84. Qg2+ Kh7 85. Kb3 Qe3+ 86. Kb4 Bxh4 87. Kc4 Be7 88. Qb7 Qc1+ 89. Kd4 Bf6+ 90. Kd3 Qf1+ 91. Ke3 Kg7 92. Qe4 Bg5+ 93. Kd4 h5 94. Kc5 h4 95. Qd4+ Bf6 96. Qg4+ Kf8 97. Kb6 Qb1+ 98. Ka7 Qa2+ 99. Kb7 Qb3+ 100. Ka7 h3 101. Qe4 h2 102. Qg2 Bd4+ 103. Ka8 Qa4+ 104. Kb7 Qb5+ 105. Kc8 Be5 106. Qg8+ Kxg8 107. Kd8 h1=Q 108. Ke7 Qh4#) 65. Kh1 Qf2 {( -> ...Nf3)} 66. Ne4 Qf3+ {Precision: White = 37%, Black = 65%.} 0-1

[Event "27th CRO-chT 1A-Men 2018"]
[Site "Biograd"]
[Date "2018.09.10"]
[Round "3.9"]
[White "Muse, Drazen"]
[Black "Zivkovic, Vjekoslav"]
[Result "1/2-1/2"]
[WhiteElo "2352"]
[BlackElo "2358"]
[Annotator "RC"]
[PlyCount "46"]
[EventDate "2018.09.08"]
[EventType "team-tourn"]
[EventCountry "CRO"]
[SourceTitle "playchess.com"]
[Source "ChessBase"]
[SourceQuality "1"]
[TimeControl "40/5400+30:1800+30"]

1. d4 {[%emt 0:00:30]} Nf6 {[%emt 0:00:30]} 2. c4 {[%emt 0:00:30]} g6 {[%emt 0:00:30]} 3. g3 {[%emt 0:00:30]} c6 {[%emt 0:00:30]} 4. Nf3 {[%emt 0:02:30]} Bg7 {[%emt 0:02:30]} 5. Bg2 {[%emt 0:00:30]} d5 {[%emt 0:03:30]} 6. cxd5 {[%emt 0:02:30]} cxd5 {[%emt 0:00:00]} 7. Nc3 {[%emt 0:00:00]} O-O {[%emt 0:04:00]} 8. Ne5 {[%emt 0:01:00]} e6 {[%emt 0:06:30]} 9. O-O {[%emt 0:05:30]} Nfd7 {[%emt 0:03:30]} 10. Nf3 {[%emt 0:00:30]} Nc6 {[%emt 0:03:30]} 11. Bf4 {[%emt 0:03:30]} Nf6 {[%emt 0:07:30]} 12. Ne5 {[%emt 0:03:30]} Bd7 {[%emt 0:04:30]} 13. Qd2 {[%emt 0:01:30]} Nxe5 {[%emt 0:02:30]} 14. Bxe5 {[%emt 0:00:30]} Bc6 {[%emt 0:00:30]} 15. Rac1 {[%emt 0:00:30]} Rc8 {[%emt 0:00:30]} 16. Rc2 {[%emt 0:01:30]} Ne4 {[%emt 0:02:30]} 17. Nxe4 {[%emt 0:01:30]} dxe4 {[%emt 0:00:30]} 18. Bxg7 {[%emt 0:00:00]} Kxg7 {[%emt 0:00:00]} 19. Rfc1 {[%emt 0:01:00]} Qd7 {[%emt 0:02:00]} 20. Qe3 {[%emt 0:01:30]} Rfd8 {[%emt 0:00:30]} 21. Bxe4 {[%emt 0:00:30]} Bxe4 {[%emt 0:00:30]} 22. Qxe4 {[%emt 0:00:30]} Rxc2 {[%emt 0:00:30]} 23. Rxc2 {[%emt 0:00:30]} Qxd4 {[%emt 0:00:00]} 1/2-1/2